Prosperidad y Crisis (Registro nro. 4329)

Detalles MARC
000 -LEADER
fixed length control field 01639 a2200241 4500
001 - CONTROL NUMBER
control field 47267
005 - DATE AND TIME OF LATEST TRANSACTION
control field 20260407155740.0
008 - FIXED-LENGTH DATA ELEMENTS--GENERAL INFORMATION
fixed length control field 260407a1986 arg spa d
003 - CONTROL NUMBER IDENTIFIER
control field AR-UNSa-BCEJYS
040 ## - CATALOGING SOURCE
Original cataloging agency AR-UNSa-BCEJYS
Language of cataloging spa
Transcribing agency AR-UNSa-BCEJYS
080 ## - UNIVERSAL DECIMAL CLASSIFICATION NUMBER
Universal Decimal Classification number 94:33
Common auxiliary subdivision Historia económica
020 ## - INTERNATIONAL STANDARD BOOK NUMBER
International Standard Book Number 84-7423-280-5
041 ## - LANGUAGE CODE
Language code of text/sound track or separate title spa
100 1# - MAIN ENTRY--PERSONAL NAME
Personal name Muñoz, Gustau
245 10 - TITLE STATEMENT
Title Prosperidad y Crisis
Name of part/section of a work reconstrucción, crecimiento y cambio, 1945-1980
264 #1 - PRODUCTION, PUBLICATION, DISTRIBUTION, MANUFACTURE, AND COPYRIGHT NOTICE
Place of production, publication, distribution, manufacture Barcelona :
Name of producer, publisher, distributor, manufacturer Crítica
Date of production, publication, distribution, manufacture, or copyright notice 1986
300 ## - PHYSICAL DESCRIPTION
Extent 680 p.
Dimensions 20 cm.
505 ## - FORMATTED CONTENTS NOTE
Formatted contents note Parte I: El crecimiento económico desde la Segunda Guerra Mundial: 1. Consecuencias de la guerra y reconstrucción económica, 1945 - 1950 - 2. El crecimiento económico como desafío para la política económica: los <plateados> y los <dorados> años sesenta - 3. Evolución demográfica y escasez de recursos - 4. La explicación del crecimiento por los factores de oferta, trabajo y capital - 5. La innovación como factor de crecimiento - 6. El tirón de la demanda -- Parte II: El marco constitucional: 7. El advenimiento de la economía mixta - 8. Objeciones a la economía mixta - 9. La liberalización del comercio internacional después de la segunda guerra mundial - 10. El camino hacia un nuevo orden económico mundial - 11. El patrón oro-dólar como base del sistema monetario mundial, 1994-1971 - 12. La construcción de un nuevo sistema monetario internacional, 1971-1980.
590 ## - LOCAL NOTE (RLIN)
Local note niveau_biblio:m niveau_hierar:0
700 1# - ADDED ENTRY--PERSONAL NAME
Personal name Van Der Wee, Herman
856 41 - ELECTRONIC LOCATION AND ACCESS
Uniform Resource Identifier <a href="https://www.biblioeco.unsa.edu.ar/pmb/images/libros/L127446.jpg">https://www.biblioeco.unsa.edu.ar/pmb/images/libros/L127446.jpg</a>
Link text Imagen de portada
Electronic format type image/jpeg
942 ## - ADDED ENTRY ELEMENTS (KOHA)
Koha item type
Existencias
Withdrawn status Lost status Damaged status Not for loan Home library Current library Shelving location Date acquired Total checkouts Full call number Barcode Date last seen Price effective from Koha item type
        Biblioteca Prof. Eusebio Cleto del Rey Biblioteca Prof. Eusebio Cleto del Rey   07/04/2026   94:33 V217 L127446 07/04/2026 07/04/2026 Libro
        Biblioteca Prof. Eusebio Cleto del Rey Biblioteca Prof. Eusebio Cleto del Rey   07/04/2026   94:33 V217 L45755 07/04/2026 07/04/2026 Libro